| 000 | 00493nam a2200169Ia 4500 | ||
|---|---|---|---|
| 003 | GCL | ||
| 008 | 140319s9999 xx 000 0 eng d | ||
| 040 |
_aGCL / _cGCL |
||
| 082 | 0 | 4 |
_a150.1 _bL P |
| 100 | 1 | _aACKROYD, CHRISTOPHER | |
| 245 | 1 | 0 |
_aPSYCHOLOGY OF COACHING: THEORY AND APPLICATION / _cACKROYD, CHRISTOPHER |
| 700 | 1 | _aD'ANNUNZIO, GABRIELE | |
| 260 |
_a[S.N] : _bMACMILLAN PUBLISHING COMPANY ، _c1982 |
||
| 300 | _a179 P | ||
| 650 | 0 | 4 | _aPSYCHOLOGY - APPLICATION |
| 942 |
_2ddc _cBK |
||
| 999 |
_c18996 _d18996 |
||